000
00288nam a2200109Ia 4500
008
190919s9999||||xx |||||||||||||| ||und||
100
_a
Deborah Charlesworth
245
0
_a
Evolution : A Very Short Introduction
260
_a
Canada
_b
Tata McGraw Hill
_c
2000
300
_a
443
942
_c
BK
999
_c
11495
_d
11495